Seven plays of Mordern theater (Record no. 1788)

MARC details
000 -LEADER
fixed length control field 00336nam a22001337a 4500
008 - FIXED-LENGTH DATA ELEMENTS--GENERAL INFORMATION
fixed length control field 241127b |||||||| |||| 00| 0 eng d
020 ## - INTERNATIONAL STANDARD BOOK NUMBER
ISBN 0802141056
100 ## - MAIN ENTRY--AUTHOR
Author Clurman,Harold
245 ## - TITLE STATEMENT
Title Seven plays of Mordern theater
260 ## - PUBLICATION, DISTRIBUTION, ETC. (IMPRINT)
Place of publication New York
Name of publisher Grove press,inc
Date of publication 1977
300 ## - COLLATION
Pagination Xii,548
942 ## - ADDED ENTRY ELEMENTS (KOHA)
Item type Books
050 ## - LIBRARY OF CONGRESS CALL NUMBER
Classification number PN 1620.C58
Item number .C58
Holdings
Source of classification or shelving scheme Not for loan Permanent location Current location Date acquired Accession No. Full call number Barcode. Koha item type
Library of Congress Classification   Samuel Ogbemudia Main Library, University of Abuja Samuel Ogbemudia Main Library, University of Abuja 11/27/2024 2006/29810 PN1620.C58 1977 2024-2774 Books